| 000 | 00000nam 2200000zi 4500 |
| 001 | 9.927268 |
| 003 | CaOODSP |
| 005 | 20230919160753 |
| 006 | m o d f |
| 007 | cr cn||||||||| |
| 008 | 230914t20232023quca o f000 0 fre d |
| 020 | |a9780660679181 |
| 040 | |aCaOODSP|bfre|erda|cCaOODSP |
| 043 | |an-cn--- |
| 086 | 1 |aEn14-494/1-2023F-1-PDF |
| 245 | 00|aRèglement interdisant les plastiques à usage unique : |blignes directrices techniques. |
| 264 | 1|aGatineau, Québec : |bEnvironnement et changement climatique Canada = Environment and Climate Change Canada, |c[2023] |
| 264 | 4|c©2023 |
| 300 | |a1 ressource en ligne (25 pages) : |billustrations |
| 336 | |atexte|btxt|2rdacontent/fre |
| 337 | |ainformatique|bc|2rdamedia/fre |
| 338 | |aressource en ligne|bcr|2rdacarrier/fre |
| 500 | |aPublié aussi en anglais sous le titre : Single-Use Plastics Prohibition Regulations: technical guidelines. |
| 500 | |aTitre de la couverture. |
| 500 | |aLe fichier de publication en format PDF a été remplacé le 19 septembre 2023 à la requête de Environnement et changement climatique Canada, dont le résultat consiste seulement en des réglages insignifiants sans rapport au contenu textuel. |
| 650 | 6|aMatières plastiques|xDroit|zCanada. |
| 650 | 6|aMatières plastiques|xDéchets|xDroit|zCanada. |
| 650 | 6|aMatières plastiques|xIndustrie|xDroit|zCanada. |
| 650 | 6|aPollution|xPrévention|xDroit|zCanada. |
| 710 | 1 |aCanada. |bEnvironnement et changement climatique Canada, |eorganisme de publication. |
| 775 | 08|tSingle-Use Plastics Prohibition Regulations : |w(CaOODSP)9.927267 |
| 795 | |tRèglement interdisant les plastiques à usage unique : |w(CaOODSP)9.919137 |
| 856 | 40|qPDF|s661 Ko|uhttps://publications.gc.ca/collections/collection_2023/eccc/En14-494-1-2023-1-fra.pdf |
| 986 | |aEC23076 |